[Event "LSS SA-2022-0-00806"]
[Site "LSS email"]
[Date "2022.08.23"]
[Round "?"]
[White "Avellan, Gerardo"]
[Black "Langheld, Werner"]
[Result "1/2-1/2"]
[WhiteElo "2097"]
[BlackElo "2032"]
[PlyCount "64"]
[EventDate "2022.07.01"]
[EventType "tourn (corr)"]
[EventRounds "6"]
[EventCountry "GER"]
[SourceTitle "Corr 2024"]
[Source "ChessBase"]
[SourceDate "2023.10.19"]
[SourceVersion "1"]
[SourceVersionDate "2023.10.19"]
[SourceQuality "1"]

1. e4 d5 2. exd5 Qxd5 3. d4 e5 4. Nc3 Bb4 5. Nf3 exd4 6. Qxd4 Qxd4 7. Nxd4 Nf6 8. Ndb5 Na6 9. Bg5 Ne4 10. Be3 Nxc3 11. Nxc3 Be6 12. 0-0-0 Bxc3 13. bxc3 Nb8 14. a4 a5 15. Bd3 Nd7 16. Bd4 0-0-0 17. Bxg7 Rhg8 18. Bd4 Rxg2 19. Bxh7 c5 20. Be4 Rg4 21. f3 Rxe4 22. fxe4 cxd4 23. cxd4 Nf6 24. d5 Bh3 25. Rhe1 Bg2 26. Rd2 Bxe4 27. Rf2 Rd6 28. c4 Bg6 29. c5 Ra6 30. Re5 Nd7 31. Re8+ Kc7 32. d6+ Kc6 1/2-1/2

[Event "LSS SA-2022-0-00801"]
[Site "LSS email"]
[Date "2022.06.19"]
[Round "?"]
[White "Oliger, Mark"]
[Black "Avellan, Gerardo"]
[Result "1/2-1/2"]
[WhiteElo "2075"]
[BlackElo "2072"]
[PlyCount "58"]
[EventDate "2022.05.08"]
[EventType "tourn (corr)"]
[EventRounds "6"]
[EventCountry "GER"]
[SourceTitle "Corr 2024"]
[Source "ChessBase"]
[SourceDate "2023.10.19"]
[SourceVersion "1"]
[SourceVersionDate "2023.10.19"]
[SourceQuality "1"]

1. e4 e5 2. Nf3 Nc6 3. Bb5 a6 4. Ba4 Nge7 5. c3 Ng6 6. d4 exd4 7. cxd4 Bb4+ 8. Nc3 d5 9. exd5 Bxc3+ 10. bxc3 Qxd5 11. 0-0 0-0 12. Bb3 Qh5 13. Nd2 Qxd1 14. Rxd1 Rd8 15. Re1 Bf5 16. Bc4 b5 17. Be2 Be6 18. Nb3 h6 19. h3 Bd5 20. Bd3 Nge5 21. Be2 Ng6 22. Bd2 Nce7 23. Nc5 Nc8 24. a4 Nd6 25. a5 Nb7 26. Nxb7 Bxb7 27. Rad1 Bd5 28. Bd3 c5 29. Be3 cxd4 1/2-1/2

[Event "LSS SA-2022-0-00796"]
[Site "LSS email"]
[Date "2022.04.30"]
[Round "?"]
[White "Oliger, Mark"]
[Black "Avellan, Gerardo"]
[Result "1/2-1/2"]
[WhiteElo "2064"]
[BlackElo "2055"]
[PlyCount "38"]
[EventDate "2022.03.01"]
[EventType "tourn (corr)"]
[EventRounds "6"]
[EventCountry "GER"]
[SourceTitle "Corr 2024"]
[Source "ChessBase"]
[SourceDate "2023.10.19"]
[SourceVersion "1"]
[SourceVersionDate "2023.10.19"]
[SourceQuality "1"]

1. e4 c6 2. Nc3 d5 3. Nf3 dxe4 4. Nxe4 Nf6 5. Qe2 Nxe4 6. Qxe4 Nd7 7. Bc4 Nf6 8. Ne5 e6 9. Qe2 b5 10. Bd3 Qc7 11. a4 Bd6 12. Nxc6 b4 13. Nd4 a6 14. Nf5 Be5 15. Nxg7+ Kf8 16. Nh5 Nxh5 17. Qxh5 Bb7 18. Qh4 Rg8 19. Bxh7 Rxg2 1/2-1/2

[Event "LSS SA-2022-0-00795"]
[Site "LSS email"]
[Date "2022.03.29"]
[Round "?"]
[White "Avellan, Gerardo"]
[Black "Skeels, Puffy"]
[Result "1-0"]
[WhiteElo "2050"]
[BlackElo "2101"]
[PlyCount "115"]
[EventDate "2022.02.22"]
[EventType "tourn (corr)"]
[EventRounds "6"]
[EventCountry "GER"]
[SourceTitle "Corr 2024"]
[Source "ChessBase"]
[SourceDate "2023.10.19"]
[SourceVersion "1"]
[SourceVersionDate "2023.10.19"]
[SourceQuality "1"]

1. e4 g6 2. d4 Bg7 3. c4 d6 4. Nc3 Nf6 5. Nf3 0-0 6. Be2 e5 7. 0-0 Nc6 8. d5 Ne7 9. b4 a5 10. bxa5 Rxa5 11. a4 Ne8 12. Be3 f5 13. c5 f4 14. Bd2 Rxc5 15. a5 Nf6 16. Bd3 c6 17. dxc6 Rxc6 18. Qb3+ Kh8 19. Rfd1 Qe8 20. Nb5 g5 21. Bb4 g4 22. Nxd6 Qh5 23. Bc4 gxf3 24. Nf7+ Rxf7 25. Bxf7 Qg5 26. Rd8+ Bf8 27. Qxf3 Kg7 28. Bd5 Rc2 29. Bb3 Rc6 30. Rxf8 Kxf8 31. Ba4 Re6 32. Rc1 Bd7 33. Bxd7 Nxd7 34. Rc7 Ke8 35. Qd1 Nf6 36. f3 Nfg8 37. Qd7+ Kf7 38. h3 Rg6 39. Qd2 Qf6 40. Qd5+ Kg7 41. Qxb7 Qh4 42. Qd5 Qf6 43. Bc3 Kf8 44. Bb4 Kg7 45. Qa2 Qe6 46. Qb2 Kf6 47. Kh2 Kf7 48. Bc3 Qa6 49. Qa2+ Qe6 50. Qb2 Qa6 51. Rb7 Rc6 52. Rb6 Qc8 53. Rb8 Qa6 54. Rb6 Qc8 55. Rb8 Qa6 56. Qd2 Nc8 57. Bxe5 Nge7 58. h4 1-0

[Event "LSS SA-2022-0-00795"]
[Site "LSS email"]
[Date "2022.03.25"]
[Round "?"]
[White "Avellan, Gerardo"]
[Black "Hartwich, Andreas"]
[Result "1/2-1/2"]
[WhiteElo "2050"]
[BlackElo "2050"]
[PlyCount "37"]
[EventDate "2022.02.22"]
[EventType "tourn (corr)"]
[EventRounds "6"]
[EventCountry "GER"]
[SourceTitle "Corr 2024"]
[Source "ChessBase"]
[SourceDate "2023.10.19"]
[SourceVersion "1"]
[SourceVersionDate "2023.10.19"]
[SourceQuality "1"]

1. d4 Nf6 2. c4 e6 3. Nc3 d5 4. Bg5 Be7 5. Nf3 h6 6. Bxf6 Bxf6 7. e3 0-0 8. Rc1 c6 9. Be2 Nd7 10. 0-0 dxc4 11. Bxc4 e5 12. Ne4 exd4 13. Nxf6+ Nxf6 14. Qxd4 Bg4 15. Qxd8 Raxd8 16. Ne5 Bh5 17. h3 Nd7 18. Nxd7 Rxd7 19. f4 1/2-1/2

[Event "LSS SA-2022-0-00793"]
[Site "LSS email"]
[Date "2022.03.09"]
[Round "?"]
[White "Avellan, Gerardo"]
[Black "Baltar, Antoni"]
[Result "1/2-1/2"]
[WhiteElo "2048"]
[BlackElo "2077"]
[PlyCount "37"]
[EventDate "2022.02.08"]
[EventType "tourn (corr)"]
[EventRounds "6"]
[EventCountry "GER"]
[SourceTitle "Corr 2024"]
[Source "ChessBase"]
[SourceDate "2023.10.19"]
[SourceVersion "1"]
[SourceVersionDate "2023.10.19"]
[SourceQuality "1"]

1. c4 e5 2. Nc3 Nf6 3. g3 Bb4 4. Bg2 0-0 5. e4 Bxc3 6. bxc3 c6 7. Ne2 d5 8. exd5 cxd5 9. cxd5 Nxd5 10. d4 exd4 11. Qxd4 Be6 12. 0-0 Nc6 13. Qc5 Qb6 14. Qxb6 Nxb6 15. Be3 Nc4 16. Bc5 Rfd8 17. Nf4 Bf5 18. Rfd1 Bc2 19. Rxd8+ 1/2-1/2

[Event "LSS SA-2022-0-00793"]
[Site "LSS email"]
[Date "2022.03.09"]
[Round "?"]
[White "Lavis, Jon"]
[Black "Avellan, Gerardo"]
[Result "1/2-1/2"]
[WhiteElo "2098"]
[BlackElo "2048"]
[PlyCount "34"]
[EventDate "2022.02.08"]
[EventType "tourn (corr)"]
[EventRounds "6"]
[EventCountry "GER"]
[SourceTitle "Corr 2024"]
[Source "ChessBase"]
[SourceDate "2023.10.19"]
[SourceVersion "1"]
[SourceVersionDate "2023.10.19"]
[SourceQuality "1"]

1. e4 c6 2. d4 d5 3. Nd2 dxe4 4. Nxe4 Bf5 5. Ng3 Bg6 6. h4 h6 7. Nf3 Nd7 8. h5 Bh7 9. Bd3 Bxd3 10. Qxd3 e6 11. Ne4 Ngf6 12. Bd2 Qb6 13. 0-0-0 Rd8 14. a3 Nxe4 15. Qxe4 Nf6 16. Qe2 c5 17. Be3 cxd4 1/2-1/2

[Event "LSS SA-2022-0-00793"]
[Site "LSS email"]
[Date "2022.03.09"]
[Round "?"]
[White "Oliger, Mark"]
[Black "Avellan, Gerardo"]
[Result "1/2-1/2"]
[WhiteElo "2036"]
[BlackElo "2048"]
[PlyCount "50"]
[EventDate "2022.02.08"]
[EventType "tourn (corr)"]
[EventRounds "6"]
[EventCountry "GER"]
[SourceTitle "Corr 2024"]
[Source "ChessBase"]
[SourceDate "2023.10.19"]
[SourceVersion "1"]
[SourceVersionDate "2023.10.19"]
[SourceQuality "1"]

1. e4 c5 2. Nf3 d6 3. Bb5+ Bd7 4. Bxd7+ Qxd7 5. c4 Nf6 6. Nc3 Nc6 7. d4 cxd4 8. Nxd4 Qg4 9. Qxg4 Nxg4 10. Nxc6 bxc6 11. Ke2 g6 12. c5 f5 13. Bf4 Bh6 14. Bxh6 Nxh6 15. Rhd1 Rb8 16. Rab1 Kd7 17. cxd6 exd6 18. e5 Nf7 19. exd6 Rhe8+ 20. Kf1 Nxd6 21. b3 Rbd8 22. Rbc1 Kc8 23. Nd5 Kb7 24. Nf6 Re7 25. Rc2 h6 1/2-1/2

[Event "LSS SA-2022-0-00792"]
[Site "LSS email"]
[Date "2022.02.23"]
[Round "?"]
[White "Avellan, Gerardo"]
[Black "Furguzz, Scarlett"]
[Result "1/2-1/2"]
[WhiteElo "2047"]
[BlackElo "2020"]
[PlyCount "52"]
[EventDate "2022.02.05"]
[EventType "tourn (corr)"]
[EventRounds "6"]
[EventCountry "GER"]
[SourceTitle "Corr 2024"]
[Source "ChessBase"]
[SourceDate "2023.10.19"]
[SourceVersion "1"]
[SourceVersionDate "2023.10.19"]
[SourceQuality "1"]

1. e4 c5 2. Nf3 d6 3. d4 Nf6 4. Nc3 cxd4 5. Nxd4 a6 6. Be3 e5 7. Nb3 Be6 8. f3 Nbd7 9. g4 b5 10. a4 b4 11. Nd5 Bxd5 12. exd5 Nb6 13. Qe2 Nfxd5 14. Bf2 Nf4 15. Qe4 Nd7 16. 0-0-0 d5 17. Rxd5 Nxd5 18. Qxd5 Be7 19. Be2 Qc8 20. Rd1 Nf6 21. Qxe5 0-0 22. h4 Re8 23. Bd3 Bf8 24. Qf4 Nd5 25. Qd4 Rd8 26. Qc4 Qxc4 1/2-1/2

[Event "LSS SA-2022-0-00792"]
[Site "LSS email"]
[Date "2022.02.23"]
[Round "?"]
[White "Avellan, Gerardo"]
[Black "Martin, Simone"]
[Result "1/2-1/2"]
[WhiteElo "2047"]
[BlackElo "2144"]
[PlyCount "39"]
[EventDate "2022.02.05"]
[EventType "tourn (corr)"]
[EventRounds "6"]
[EventCountry "GER"]
[SourceTitle "Corr 2024"]
[Source "ChessBase"]
[SourceDate "2023.10.19"]
[SourceVersion "1"]
[SourceVersionDate "2023.10.19"]
[SourceQuality "1"]

1. d4 Nf6 2. c4 g6 3. Nc3 d5 4. Bg5 Bg7 5. Bxf6 Bxf6 6. cxd5 c5 7. dxc5 Nd7 8. Nf3 Nxc5 9. Nd4 e6 10. b4 Qb6 11. a3 Ne4 12. Nxe4 Qxd4 13. Nxf6+ Qxf6 14. Rc1 0-0 15. g3 Qb2 16. Qd2 Qxa3 17. Bg2 exd5 18. 0-0 Be6 19. Ra1 Qb3 20. Rfb1 1/2-1/2

[Event "LSS SA-2021-0-00777"]
[Site "LSS email"]
[Date "2021.11.04"]
[Round "?"]
[White "Avellan, Gerardo"]
[Black "Hlavica, Bretislav"]
[Result "1/2-1/2"]
[WhiteElo "2057"]
[BlackElo "2151"]
[PlyCount "51"]
[EventDate "2021.10.07"]
[EventType "tourn (corr)"]
[EventRounds "6"]
[EventCountry "GER"]
[SourceTitle "Corr 2024"]
[Source "ChessBase"]
[SourceDate "2023.10.19"]
[SourceVersion "1"]
[SourceVersionDate "2023.10.19"]
[SourceQuality "1"]

1. d4 Nf6 2. c4 e6 3. Nf3 Bb4+ 4. Nbd2 0-0 5. a3 Be7 6. e4 d5 7. e5 Nfd7 8. Bd3 c5 9. h4 h6 10. Bb1 cxd4 11. Qc2 f5 12. cxd5 exd5 13. Nb3 Nc6 14. Bf4 a5 15. Nbxd4 Nc5 16. 0-0 Ne4 17. Ba2 Nxd4 18. Nxd4 Bc5 19. Rad1 Kh8 20. Ne2 Qb6 21. Nc3 Nxc3 22. Qxc3 Be6 23. Bxd5 Rad8 24. Bxe6 Bxf2+ 25. Kh2 Rxd1 26. Rxd1 1/2-1/2

[Event "LSS SA-2021-0-00776"]
[Site "LSS email"]
[Date "2021.10.28"]
[Round "?"]
[White "Avellan, Gerardo"]
[Black "Chronopoulos, Antonios"]
[Result "1/2-1/2"]
[WhiteElo "2057"]
[BlackElo "2006"]
[PlyCount "64"]
[EventDate "2021.09.29"]
[EventType "tourn (corr)"]
[EventRounds "6"]
[EventCountry "GER"]
[SourceTitle "Corr 2024"]
[Source "ChessBase"]
[SourceDate "2023.10.19"]
[SourceVersion "1"]
[SourceVersionDate "2023.10.19"]
[SourceQuality "1"]

1. e4 c5 2. Nf3 e6 3. d4 cxd4 4. Nxd4 Nc6 5. Nc3 a6 6. Bf4 d6 7. Nxc6 bxc6 8. Qd2 Be7 9. 0-0-0 e5 10. Bg3 Nf6 11. Bc4 Rb8 12. Bb3 Rb4 13. Bh4 Rd4 14. Qe3 Qb6 15. f3 0-0 16. Qf2 Be6 17. Ne2 g5 18. Bg3 Rxd1+ 19. Rxd1 Qxf2 20. Bxf2 h5 21. Be3 g4 22. Bg5 Kg7 23. Ng3 Kg6 24. Bh4 d5 25. exd5 cxd5 26. Re1 Bd6 27. Rd1 Be7 28. c4 dxc4 29. Bc2+ Kg7 30. Re1 Bd6 31. Rf1 Nd5 32. Nxh5+ Kh6 1/2-1/2

[Event "LSS SA-2021-0-00776"]
[Site "LSS email"]
[Date "2021.10.28"]
[Round "?"]
[White "Kolanek, Roman"]
[Black "Avellan, Gerardo"]
[Result "1/2-1/2"]
[WhiteElo "2126"]
[BlackElo "2057"]
[PlyCount "42"]
[EventDate "2021.09.29"]
[EventType "tourn (corr)"]
[EventRounds "6"]
[EventCountry "GER"]
[SourceTitle "Corr 2024"]
[Source "ChessBase"]
[SourceDate "2023.10.19"]
[SourceVersion "1"]
[SourceVersionDate "2023.10.19"]
[SourceQuality "1"]

1. e4 e5 2. Nf3 Nf6 3. Nxe5 d6 4. Nf3 Nxe4 5. d4 d5 6. Bd3 Bd6 7. 0-0 0-0 8. c4 c6 9. Nc3 Nxc3 10. bxc3 dxc4 11. Bxc4 Bg4 12. h3 Bh5 13. g4 Bg6 14. Ne5 b5 15. Nxg6 hxg6 16. Bd3 Nd7 17. Qf3 Qf6 18. Kg2 Nb6 19. Qxf6 gxf6 20. h4 Kg7 21. Be4 Rh8 1/2-1/2

[Event "LSS SA-2021-0-00765"]
[Site "LSS email"]
[Date "2021.07.17"]
[Round "?"]
[White "Cleto Junior, Dirceu"]
[Black "Avellan, Gerardo"]
[Result "1/2-1/2"]
[WhiteElo "2041"]
[BlackElo "2033"]
[PlyCount "34"]
[EventDate "2021.06.22"]
[EventType "tourn (corr)"]
[EventRounds "6"]
[EventCountry "GER"]
[SourceTitle "Corr 2024"]
[Source "ChessBase"]
[SourceDate "2023.10.19"]
[SourceVersion "1"]
[SourceVersionDate "2023.10.19"]
[SourceQuality "1"]

1. e4 c6 2. d4 d5 3. Nc3 dxe4 4. Nxe4 Bf5 5. Ng3 Bg6 6. h4 h6 7. Nf3 e6 8. Ne5 Bh7 9. Bd3 Bxd3 10. Qxd3 Nd7 11. f4 Be7 12. Bd2 Nxe5 13. fxe5 Bxh4 14. 0-0-0 Bxg3 15. Qxg3 Ne7 16. Qxg7 Rg8 17. Qxh6 Qd5 1/2-1/2

[Event "LSS SA-2021-0-00764"]
[Site "LSS email"]
[Date "2021.07.14"]
[Round "?"]
[White "Avellan, Gerardo"]
[Black "Csernus, Robert"]
[Result "1/2-1/2"]
[WhiteElo "2033"]
[BlackElo "2040"]
[PlyCount "66"]
[EventDate "2021.06.16"]
[EventType "tourn (corr)"]
[EventRounds "6"]
[EventCountry "GER"]
[SourceTitle "Corr 2024"]
[Source "ChessBase"]
[SourceDate "2023.10.19"]
[SourceVersion "1"]
[SourceVersionDate "2023.10.19"]
[SourceQuality "1"]

1. e4 c5 2. Nf3 d6 3. d4 cxd4 4. Nxd4 Nf6 5. Nc3 a6 6. Be3 e5 7. Nf3 Be7 8. h3 Be6 9. Bd3 Nbd7 10. Ng5 Rc8 11. Qe2 Qc7 12. Nxe6 fxe6 13. g4 d5 14. exd5 Bb4 15. 0-0 exd5 16. Bf5 Bxc3 17. bxc3 0-0 18. g5 Ne4 19. Qg4 Rxf5 20. Qxf5 Qd6 21. Rae1 Rc4 22. h4 Nf8 23. Qh3 Nxc3 24. f4 h5 25. gxh6 Qg6+ 26. Kh1 Qxh6 27. h5 Qc6 28. Kg1 d4 29. Bd2 Ne4 30. Ba5 exf4 31. Rxf4 Ng5 32. Rxf8+ Kxf8 33. Qf5+ Nf7 1/2-1/2